header

Implementing and managing APPC protected conversations (Record no. 106573)

MARC details
000 -LEADER
fixed length control field 01567nam a2200397Ia 4500
082 04 - DEWEY DECIMAL CLASSIFICATION NUMBER
Classification number 004.6/5
245 00 - TITLE STATEMENT
Title Implementing and managing APPC protected conversations
250 ## - EDITION STATEMENT
Edition statement 1st ed.
260 ## - PUBLICATION, DISTRIBUTION, ETC. (IMPRINT)
Place of publication San Jose, CA :
Name of publisher IBM, International Support Organization,
Year of publication c2005.
300 ## - PHYSICAL DESCRIPTION
Number of Pages xii, 168 p. :
Other physical details ill.
490 1# - SERIES STATEMENT
Series statement IBM redbooks
500 ## - GENERAL NOTE
General note "February 2005."
General note "SG24-6486-00."
650 #0 - SUBJECT ADDED ENTRY--TOPICAL TERM
Topical Term Peer-to-peer architecture (Computer networks)
Topical Term Systems programming (Computer science)
Topical Term Electronic data processing
700 1# - ADDED ENTRY--PERSONAL NAME
Personal name Bari, Paola.
856 40 - ELECTRONIC LOCATION AND ACCESS
Uniform Resource Identifier http://site.ebrary.com/lib/rucke/Doc?id=10112468

No items available.

© 2026 Rongo University
Contact us: librarian | system librarian | Rongo university